Programming for mathematcians

Αποθηκεύτηκε σε:
Λεπτομέρειες βιβλιογραφικής εγγραφής
Κύριος συγγραφέας: Seroul, Raymond
Μορφή: Βιβλίο
Γλώσσα:English
Δημοσίευση: Berlin : Springer, c2000
Σειρά:Universitext. Tracts in mathematics
Θέματα:
Ετικέτες: Προσθήκη ετικέτας
Δεν υπάρχουν, Καταχωρήστε ετικέτα πρώτοι!

MARC

LEADER 00000nam a2200000 i 4500
001 1/45552
008 031127s2000 eng d
020 |a 3-540-66422-X 
035 |l 10071743 
040 |a GR-MY-UA  |b gre  |e aacr 
041 0 |a eng 
082 0 |a 519.7 
100 1 |a Seroul, Raymond. 
245 1 0 |a Programming for mathematcians /  |c Raymond Seroul ; translated from the French by Donal O'Shea 
260 |a Berlin :   |b Springer,   |c c2000 
300 |a xv, 249 p.;  |b ill.;  |c 24 cm. 
490 1 |a Univesitext 
504 |a Includes bibliographical references and index 
650 0 0 |a Computer programming. 
650 0 0 |a Mathematics  |x Data processing. 
830 0 |a Universitext. Tracts in mathematics 
852 |a INST  |b SAMOS  |e 20031127  |h 519.7 SER  |p 005300023621  |q 005300023621  |t BK  |y 0 
901 |a BIBL3-2003-3 
909 |a Σ  |b 099305 
922 |a 3ΕΛΗ  |b 200309  |c ΜΕΤΑΠΤ/ΤΜΗΜΑ ΜΑΘΗΜΑΤΙΚΩΝ  |d GLORYBOOK 
970 |a ΠΟΥΡΝΑΡΑΣ  |b ΔΗΜΗΤΡΗΣ  |z 2003/11/27